Small Businesses Trickling Up in Central and Eastern Europe : (Record no. 615283)

MARC details
000 -LEADER
fixed length control field 00541nam a2200193 a 4500
008 - FIXED-LENGTH DATA ELEMENTS--GENERAL INFORMATION
fixed length control field 260221s1999##################000#0#eng##
020 ## - INTERNATIONAL STANDARD BOOK NUMBER
ISBN 9780815332367
082 04 - DEWEY DECIMAL CLASSIFICATION NUMBER
Classification number 338.64209
Item number HUL
100 1# - MAIN ENTRY--AUTHOR NAME
Personal name Hull, Galen,
245 10 - TITLE STATEMENT
Title Small Businesses Trickling Up in Central and Eastern Europe :
260 ## - PUBLICATION, DISTRIBUTION, ETC. (IMPRINT)
Name of publisher Taylor & Francis,
Year of publication 1999.
300 ## - PHYSICAL DESCRIPTION
Number of Pages 298 pages
650 #0 - SUBJECT ADDED ENTRY--TOPICAL TERM
Topical Term Business & Economics.
942 ## - ADDED ENTRY ELEMENTS (KOHA)
Koha item type English Books
Holdings
Withdrawn status Lost status Damaged status Not for loan Home library Current library Shelving location Date acquired Full call number Accession Number Price effective from Koha item type
        Anna Centenary Library Anna Centenary Library 4TH FLOOR, A WING 21.02.2026 338.64209 HUL 171466 21.02.2026 English Books

Find us on the map